| 000 | 00400nam a22001457a 4500 | ||
|---|---|---|---|
| 999 |
_c7999 _d7999 |
||
| 003 | OSt | ||
| 005 | 20200616154915.0 | ||
| 008 | 200616b ||||| |||| 00| 0 eng d | ||
| 020 | _a9789881566133 | ||
| 082 | _a720.797 | ||
| 110 | _a American Institute of Architects | ||
| 245 | _aAIA 2010 -- 2012 : designs for the new decade | ||
| 260 |
_aHong Kong _bDesign Media Publishing Ltd, _c2013 |
||
| 942 | _2ddc | ||